=LDR 00000nam 2200000 4500 =001 001190 =005 20250710010841 =035 ##$$a 0010-0725000134 =007 ta =008 250710################a##########0#ind## =082 ##$$a 398.209 598 =100 #$$a Chinith,Chou =245 1#$$a Tiga Kucing Kecil /$c Chou Chinith =250 ##$$a pertama =260 ##$$a Jakarta Timur :$b Badan Pengembangan dan Pembinaan Bahasa,$c 2022 =300 ##$$a 24hlm. : $b ilus. ; $c 22,9cm =650 #4$$a cerita anak indonesia terjemah inggris,literasi bahan bacaan =700 #$$a Youm Kosal =856 ##$$a TBM AS-SYUHADA